Estadísticas básicas para el planeamiento universitario. Centroamérica: población y matrícula por nivel educativo y país 1969-1980 /
Presenta estadísticas educacionales para el planeamiento universitario en Centroamérica y Panamá. Contiene datos sobre los siguientes aspectos: proyección de la población por sexo y grupos de edades para el período 1970-2000, niveles de enseñanza, por país, tasas de escolaridad por nivel educativo,...
Uloženo v:
| Hlavní autor: | |
|---|---|
| Korporativní autor: | |
| Další autoři: | |
| Médium: | Text |
| Vydáno: |
San José:
CSUCA
|
| Témata: | |
| Tagy: |
Přidat tag
Žádné tagy, Buďte první, kdo vytvoří štítek k tomuto záznamu!
|
MARC
| LEADER | 00000 a a2200000 04500 | ||
|---|---|---|---|
| 001 | 20293 | ||
| 003 | |||
| 040 | |a CRAI/IIS |c CRAI/IIS | ||
| 090 | |a 084200 | ||
| 100 | |a Cornick, Jorge | ||
| 110 | |a CSUCA | ||
| 245 | |a Estadísticas básicas para el planeamiento universitario. Centroamérica: población y matrícula por nivel educativo y país 1969-1980 / |c Jorge Cornick | ||
| 260 | |a San José: |b CSUCA | ||
| 300 | |a 40 p. | ||
| 520 | |a Presenta estadísticas educacionales para el planeamiento universitario en Centroamérica y Panamá. Contiene datos sobre los siguientes aspectos: proyección de la población por sexo y grupos de edades para el período 1970-2000, niveles de enseñanza, por país, tasas de escolaridad por nivel educativo, según grupos de edad y sexo y matrícula de las universidades públicas. Incluye definiciones referentes a niveles de enseñanza y algunas observaciones metodológicas sobre la elaboración de los cuadros estadísticos. Indica las fuentes de donde se tomó la información./ACM | ||
| 650 | |a AMERICA CENTRAL | ||
| 650 | |a ESTADISTICAS EDUCACIONALES | ||
| 650 | |a PLANIFICACION DE LA EDUCACION | ||
| 650 | |a PROYECCIONES | ||
| 650 | |a CUADROS ESTADISTICOS | ||
| 700 | |a Gertel, Héctor | ||
| 999 | |c 17495 |d 17495 | ||
